Familien in der Formel 1 - Statistiken

Allgemein
  • Dieses Quiz wurde 88 mal gespielt
  • Das Durchschnittsergebnis liegt bei 7 aus 21
Antwortstatistiken
Hint Antwort % Korrekt
Vater und Sohn Michael & Mick Schumacher
100%
Geschwister Ralf & Michael Schumacher
100%
Vater und Sohn Keke & Nico Rosberg
77%
Vater und Sohn Jos & Max Verstappen
73%
Vater und Sohn Graham & Damon Hill
61%
Onkel und Neffe Ayrton & Bruno Senna
58%
Vater und Sohn Gilles & Jacques Villeneuve
56%
Vater & Sohn Nelson & Nelson Jr. Piquet
53%
Vater & Sohn Wilson & Christian Fittipaldi
37%
Geschwister Wilson & Emerson Fittipaldi
37%
Vater & Sohn Jan & Kevin Magnussen
19%
Vater und Söhne Jack, David & Gary Brabham
16%
Vater & Sohn Mario & Michael Andretti
16%
Vater & Sohn Satire & Kazuki Nakajima
5%
Vater & Sohn Jonathan & Jolyon Palmer
4%
Geschwister Ricardo & Pedro Rodriguez
4%
Geschwister Corrado & Teo Fabi
1%
Halbbrüder Peter und Graham Whitehead
1%
Vater & Sohn André & Teddy Pilette
0%
Vater & Sohn Hans & Hans-Joachim
0%
Geschwister Vittorio & Ernesto Brambilla
0%
Keine übereinstimmenden Quizze gefunden
Verteilung der Resultate
Anzahl Personen mit jedem Resultat
Perzentil nach korrekt beantworteten Fragen
Ihre Resultats-Entwicklung
Sie haben dieses Quiz noch nicht gespielt